000 00342nam a2200133Ia 4500
005 20251222143140.0
008 251222s9999||||xx |||||||||||||| ||spa||
020 _a9972-45-06-1
082 _a659.1/C28
100 _aCarrillo Checa, Salvador
245 0 _aEstrategias de Medios Publicitarios
264 _bUniversidad de Lima
942 _cLIB
999 _c12262
_d12262